Mozart vino de visita
| Autor principal: | |
|---|---|
| Format: | Audio |
| Idioma: | Spanish |
| Matèries: |
MARC
| LEADER | 00000njm a2200000 4500 | ||
|---|---|---|---|
| 003 | Ucuenca | ||
| 005 | 20230308225931.0 | ||
| 008 | 180515b ec ||||| |||| 00| 0 spa d | ||
| 999 | |c 154617 |d 154617 | ||
| 040 | |b spa |a UCuenca-cdrjbv |c UCuenca |e rda | ||
| 041 | |a spa | ||
| 082 | |a 780 | ||
| 100 | |9 224684 |a Porat, Roni | ||
| 245 | |a Mozart vino de visita |c Roni Porat |h dvd | ||
| 264 | |a Cuenca |b Orquesta Sinfonica de cuenca |c s.f. | ||
| 336 | |2 rdacontent |a texto |b txt | ||
| 337 | |2 rdamedia |a no mediado |b n | ||
| 338 | |2 rdacarrier |a volumen |b nc | ||
| 650 | 0 | |9 6166 |a Mozart | |
| 942 | |2 ddc |c MU | ||